Van Nostrand's scientific encyclopedia

Salvato in:
Dettagli Bibliografici
Natura: Libro
Lingua:inglese
Pubblicazione: Princeton : D. Van Nostrand, 1958
Edizione:3.ed.
Tags: Aggiungi Tag
Nessun Tag, puoi essere il primo ad aggiungerne!!

MARC

LEADER 00000nam a22000003a 4500
001 stu250
005 20141121194814.4
008 910430s1958----xxu-----------------eng-d
040 |a STU  |b slo 
041 0 |a eng 
044 |a xxu 
080 |a 03  |7 stu_us_auth*stu8317 
080 |a 54 
080 |a 62 
245 |a Van Nostrand's scientific encyclopedia 
250 |a 3.ed. 
260 |a Princeton :  |b D. Van Nostrand,  |c 1958 
300 |a 1839 s 
996 |b E74330  |c E*74330  |l EE18  |s P  |a 0  |w stu250_0001